000 00672nam a22002291a 4500
001 30914
003 BD-RjUL
005 20211209051632.0
008 140412s19551914enk b 001 0 eng d
035 _a(BD-RjUL)31001
040 _aNZOC
_beng
_cNZOC
_dBD-RjUL
041 _aeng
082 0 0 _a182
_bBUG 1955
100 1 _aBurnet, John,
_d1863-1928.
_993919
245 1 0 _aGreek philosophy :
_bThales to Plato /
_cby John Burnet.
260 _aLondon :
_bMacmillan,
_c1914 [Reprinted 1955, 1960].
300 _ax, 360 p. ;
_c22 cm.
504 _aIncludes bibliographical references and index.
650 0 _aPhilosophy, Ancient.
_993932
942 _2ddc
_cBK
999 _c30914
_d30914